Prehistoria, descubrimiento y conquista
Guardat en:
| Autors principals: | , , , , , |
|---|---|
| Format: | Llibre |
| Idioma: | espanyol |
| Publicat: |
Viña del Mar
Universidad Católica de Valparaíso
2001
|
| Matèries: | |
| Etiquetes: |
Afegir etiqueta
Sense etiquetes, Sigues el primer a etiquetar aquest registre!
|
MARC
| LEADER | 00000nam a2200000 a 4500 | ||
|---|---|---|---|
| 001 | UCN9949 | ||
| 003 | CL-VaPUC | ||
| 008 | 011221e20010000CL |||||||||||||||||spa|d | ||
| 082 | 0 | 4 | |a 983.01 |b BEI |2 21 |
| 100 | 0 | |a Beiza M., Carolina |e author |9 466483 | |
| 700 | 0 | |a Cáceres S., Denisse |e author |9 466484 | |
| 700 | 0 | |a López G., Bárbara |e author |9 466485 | |
| 700 | 0 | |a Malle L., Beatriz |e author |9 466486 | |
| 700 | 0 | |a Rojas S., Estefanía |e author |9 466487 | |
| 700 | 0 | |a Valencia T., Macarena |e author |9 466488 | |
| 245 | 1 | 0 | |a Prehistoria, descubrimiento y conquista |
| 300 | |a 56 p | ||
| 942 | |c BK | ||
| 945 | |d 20011221 00:00:00 |a crobeson | ||
| 260 | |a Viña del Mar |b Universidad Católica de Valparaíso |c 2001 | ||
| 650 | 0 | |a Historia de Chile |9 265473 | |
| 650 | 7 | |a DESCUBRIMIENTO Y CONQUISTA |2 CL-VaPUC |9 268482 | |
| 650 | 0 | |a Culturas precolombinas |9 408769 | |
| 583 | |a last modification |c 20011221 00:00:00 |k Rodrigo Vera | ||
| 999 | |c 299045 |d 299043 | ||
| 952 | |0 0 |1 0 |4 0 |6 983_010000000000000_BEI_2001 |7 0 |8 A |9 355172 |a BIBEDU |b BIBEDU |d 2019-11-21 |i 3783030 |o 983.01 BEI 2001 |p 3783030 |r 2019-11-21 |w 2019-11-21 |y BK |k BME | ||